Tiếng Nhật dành cho mọi người - task 2

Sparad:
Bibliografiska uppgifter
Materialtyp: Bok
Publicerad: 2005
Taggar: Lägg till en tagg
Inga taggar, Lägg till första taggen!
Thư viện lưu trữ: Mạng thư viện Đại học Đà Nẵng
LEADER 00441nam a22001811a 4500
001 000038670
003 14965
005 20160412021433.0
008 160412s2005 000
082 |a 4N(07)225 
245 |a Tiếng Nhật dành cho mọi người - task 2 
260 |c 2005 
OWN |a LNN 
999 |a From the UDN01 
TYP |a Monograph 
980 |a Mạng thư viện Đại học Đà Nẵng